Helen Keller : (Record no. 7235)

MARC details
000 -LEADER
fixed length control field 01041nam a22003137a 4500
001 - CONTROL NUMBER
control field 7235
003 - CONTROL NUMBER IDENTIFIER
control field FISKH
005 - DATE AND TIME OF LATEST TRANSACTION
control field 20250703105443.0
008 - FIXED-LENGTH DATA ELEMENTS--GENERAL INFORMATION
fixed length control field 250703b cb ||||| |||| 00| 0 eng d
020 ## - INTERNATIONAL STANDARD BOOK NUMBER
International Standard Book Number 090129003990
040 ## - CATALOGING SOURCE
Original cataloging agency FISKH
Language of cataloging eng
Transcribing agency FISKH
Modifying agency FISKH
050 ## - LIBRARY OF CONGRESS CALL NUMBER
Classification number HV1624.K4 H88
082 ## - DEWEY DECIMAL CLASSIFICATION NUMBER
Classification number 362.41092
100 ## - MAIN ENTRY--PERSONAL NAME
Personal name Hurwitz, Johanna
Dates associated with a name (1937-)
245 ## - TITLE STATEMENT
Title Helen Keller :
Remainder of title Courage in the dark /
Statement of responsibility, etc. By Johanna Hurwitz ; Illustrated by Neverne Covington
250 ## - EDITION STATEMENT
Edition statement This edition first published in 1997
260 ## - PUBLICATION, DISTRIBUTION, ETC.
Place of publication, distribution, etc. Canada :
Name of publisher, distributor, etc. Random House,
Date of publication, distribution, etc. 1997
300 ## - PHYSICAL DESCRIPTION
Extent 47 pages :
Other physical details color illustrations ;
Dimensions 23 cm
490 ## - SERIES STATEMENT
Series statement Step into reading
Volume/sequential designation Grades 2-3
505 ## - FORMATTED CONTENTS NOTE
Formatted contents note P<br/>
520 ## - SUMMARY, ETC.
Summary, etc. A biography of the blind and deaf girl who overcame both handicaps with the help of her teacher, Annie Sullivan.<br/>
521 8# - TARGET AUDIENCE NOTE
Target audience note 620<br/>
Source Lexile<br/>
521 8# - TARGET AUDIENCE NOTE
Target audience note P<br/>
Source Raz-Plus<br/>
650 ## - SUBJECT ADDED ENTRY--TOPICAL TERM
Source of heading or term Biographies
Topical term or geographic name entry element Disabilities
650 ## - SUBJECT ADDED ENTRY--TOPICAL TERM
Source of heading or term History
Topical term or geographic name entry element Helen Keller
700 ## - ADDED ENTRY--PERSONAL NAME
Personal name Covington, Neverne
Dates associated with a name illustrator
942 ## - ADDED ENTRY ELEMENTS (KOHA)
Source of classification or shelving scheme Dewey Decimal Classification
Koha item type Books
Suppress in OPAC No
Holdings
Withdrawn status Lost status Source of classification or shelving scheme Damaged status Not for loan Collection Home library Current library Shelving location Date acquired Total Checkouts Full call number Barcode Date last seen Copy number Price effective from Koha item type
    Dewey Decimal Classification     Juvenile Fiction Footprints International School Library Network Toul Tom Poung Campus Footprints International School Library Network Toul Tom Poung Campus TTP Primary Yellow Bookshelves 07/03/2025   HUR 362.41092 HV1624.K4 H88 FISBK02764 07/03/2025 1 07/03/2025 Books